LEADER 01039nam a2200265 i 4500 001 000000150177 003 CaOOAMICUS 005 20250915092923.0 008 060510s2005 it u000 u ita u 013 $a127515 020 $a88-315-2864-5 040 $aSeMil$bita 100 1 $aVigini, Giuliano,$d<1946- >.$0(OLS)http://semarc/name/6731 245 10$a2: B-custodire /$cGiuliano Vigini. 264 1$aMilano :$bPaoline,$c2005. 300 $a179 p. ;$c19 cm 773 0 $aVigini, Giuliano <1946- >$tDizionario del Nuovo Testamento.$dMilano : Paoline, 2004-$kBibbia Paoline. Guide e sussidi$kBibbia Paoline$g2$w()15654 850 $aSeMil 852 $aSeMil$W1$xVenegono$y1$m2W I 2$j102340$B102340$CSeMilBibl$Z2$F111007 $81 941 1 $a5 961 $aOmaggio: Tettamanzi Card. Dionigi 996 $6020$a88-315-2864-5$9(OLS)http://semarc/number/139590 996 $6245$a2: B-custodire$9(OLS)http://semarc/title/219595 996 $6264$aMilano :$bPaoline$9(OLS)http://semarc/publisher/29684 LEADER 01393nas a2200313 i 4500 001 000000238505 003 CaOOAMICUS 005 20150216000000.0 008 150216b1982 it uu u0 0ita r 013 $a217410 040 $aSeMil$bita 245 10$a1982. 260 $aBologna :$bEDB,$c1982. 300 $a669 p. ;$c22 cm. 773 0 $tEvangelizzare.$dBologna : EDB, 1976-2014.$w()2273 774 0 $tQuando la vita è festa. Una catechesi per vivere la festa. - Titolo dalla copertina.$w()283502 774 0 $tAnimatori dei catechisti. - Titolo dalla copertina.$w()283623 774 0 $tGiovani e Chiesa.$w()283624 774 0 $t"progetto" che salva. - Titolo dalla copertina.$w()283625 774 0 $tVerso quale chiesa? - Titolo dalla copertina.$w()283626 774 0 $tCatechesi e celebrazione liturgica. - Titolo dalla copertina.$w()283627 774 0 $tCatechismo dei ragazzi. - Titolo dalla copertina.$w()283628 774 0 $tCatechisti si diventa. - Titolo dalla copertina.$w()283629 774 0 $tCatechismo dei ragazzi (3.). - Titolo dalla copertina.$w()283630 774 0 $tAnziani per la comunità. - Titolo dalla copertina.$w()283631 850 $aSeMil 852 $aSeMil$W1$xVenegono$y1$m137 3 7$j188851$B188851$CSeMilBibl$Z2$F199927 $85 996 $6245$a1982$9(OLS)http://semarc/title/264283 996 $6260$aBologna :$bEDB$9(OLS)http://semarc/publisher/29669